[Event "Padova op-B 2nd"]
[Site "Padova"]
[Date "1999.12.19"]
[Round "6.22"]
[White "Pastore, Mauro"]
[Black "Aguggiaro, Renzo"]
[Result "1-0"]
[WhiteElo "1612"]
[BlackElo "1489"]
[PlyCount "44"]
[EventDate "1999.12.11"]
[EventType "swiss"]
[EventRounds "6"]
[EventCountry "ITA"]
[SourceTitle "EXT 2024"]
[Source "ChessBase"]
[SourceDate "2023.10.10"]
[SourceVersion "1"]
[SourceVersionDate "2023.10.10"]
[SourceQuality "1"]

1. d4 d5 2. c4 Nf6 3. Nc3 e6 4. Bf4 Bd6 5. Bg3 Bd7 6. Nf3 dxc4 7. e4 Bb4 8. Qc2 Bc6 9. Nd2 Qxd4 10. Rd1 Bxc3 11. bxc3 Bxe4 12. Qa4+ Bc6 13. Qxc6+ Nxc6 14. cxd4 0-0-0 15. Bxc4 Rxd4 16. Be2 Nb4 17. 0-0 Nxa2 18. Be5 Nc3 19. Bf3 Nxd1 20. Bxd4 Rd8 21. Nb3 c5 22. Bxd1 cxd4 1-0

[Event "Padova Province-chT 58th"]
[Site "Padova"]
[Date "1998.01.10"]
[Round "1"]
[White "Navarro, Tommaso"]
[Black "Aguggiaro, Renzo"]
[Result "0-1"]
[WhiteElo "1300"]
[BlackElo "1516"]
[PlyCount "56"]
[EventDate "1998.01.10"]
[EventType "swiss"]
[EventRounds "6"]
[EventCountry "ITA"]
[SourceTitle "EXT 2022"]
[Source "ChessBase"]
[SourceDate "2021.10.06"]
[SourceVersion "1"]
[SourceVersionDate "2021.10.06"]
[SourceQuality "1"]

1. e4 c5 2. Nf3 Nc6 3. d4 cxd4 4. Nxd4 d6 5. Bc4 g6 6. Bf4 Bg7 7. Nxc6 bxc6 8. Qf3 Bxb2 9. Be5 Bxe5 10. Qxf7+ Kd7 11. Qe6+ Kc7 12. Qf7 Bxa1 13. c3 Nh6 14. Qf4 Qf8 15. Qg3 Qf6 16. 0-0 Bxc3 17. Nxc3 Qxc3 18. Qg5 Qxc4 19. Qxe7+ Bd7 20. e5 Nf5 21. Qf6 Rhf8 22. exd6+ Nxd6 23. Qe5 Rf5 24. Qg3 Raf8 25. Rd1 Qc5 26. Rf1 Rxf2 27. Rxf2 Qc1+ 28. Rf1 Qxf1# 0-1